Konstruirovanije ekonomiko-statističeskich modelej s zadannymi svojstvami

Salvato in:
Dettagli Bibliografici
Autore principale: Rozin, Bencian Borisovič
Altri autori: Jagol'nicer, Miron Arkad'jevič
Natura: Libro
Lingua:russo
Pubblicazione: Novosibirsk Nauka 1981
Tags: Aggiungi Tag
Nessun Tag, puoi essere il primo ad aggiungerne!!

MARC

LEADER 00000nam a2200000 4500
001 c137504
005 20041019155310.1
041 0 |a rus 
044 |a RU 
245 1 0 |a Konstruirovanije ekonomiko-statističeskich modelej s zadannymi svojstvami  |c Bencian Borisovič Rozin, Miron Arkad'jevič Jagol'nicer 
264 1 |a Novosibirsk  |b Nauka  |c 1981 
300 |a 172 s. 
100 1 |a Rozin, Bencian Borisovič 
700 1 |a Jagol'nicer, Miron Arkad'jevič